Biblioteca y Centro de Documentación

Impuesto sobre sociedades (Registro nro. 24870)

Detalles MARC
000 -CABECERA
Longitud fija campo de control 01877nam a2200433 c 4500
001 - NÚMERO DE CONTROL
Número de control 24870
003 - IDENTIFICADOR DE NÚMERO DE CONTROL
Identificador del número de control ES-MaCES
005 - FECHA Y HORA DE LA ÚLTIMA TRANSACCIÓN
Fecha y hora de la última transacción 20170707132252.0
008 - CAMPO FIJO DE DESCRIPCIÓN FIJA--INFORMACIÓN GENERAL
Códigos de información de longitud fija   130220s2012 sp l o000 | spa d
017 ## - NÚMERO DE REGISTRO DE DERECHOS DE AUTOR Y DEPÓSITO LEGAL
Número de copyright o de depósito legal M 3082-2002
Agencia que asigna el número DL
024 7# - OTROS IDENTIFICADORES
Número normalizado o código 720-12-058-0
Fuente del número o código nipo
024 7# - OTROS IDENTIFICADORES
Número normalizado o código 630-12-186-7
Fuente del número o código nipo
035 ## - NÚMERO DE CONTROL DEL SISTEMA
Número de control del sistema CES20130000572m
040 ## - FUENTE DE CATALOGACIÓN
Centro catalogador de origen ES-MaCES
Lengua de catalogación spa
Centro transcriptor ES-MaCES
110 1# - ENCABEZAMIENTO PRINCIPAL--NOMBRE CORPORATIVO
Nombre de entidad corporativa o nombre de jurisdicción como elemento inicial España
Título de la obra Real Decreto Legislativo por el que se aprueba el texto refundido de la Ley del impuesto sobre sociedades
Fecha del congreso o de la firma de un tratado 2004
9 (RLIN) 3328
245 10 - MENCIÓN DE TÍTULO
Título Impuesto sobre sociedades
Resto del título : (actualización noviembre 2012)
250 ## - MENCIÓN DE EDICIÓN
Mención de edición 8ª ed
260 ## - PUBLICACIÓN, DISTRIBUCIÓN, ETC (PIE DE IMPRENTA)
Lugar de publicación, distribución, etc. [Madrid]
Nombre del editor, distribuidor, etc. Ministerio de Hacienda y Administraciones Públicas
-- Ministerio de Economía y Competitividad
Fecha de publicación, distribución, etc. [2012]
300 ## - DESCRIPCIÓN FÍSICA
Extensión 354 p.
Dimensiones 17 cm
490 1# - MENCIÓN DE SERIE
Mención de serie Textos legales / separata del Boletín Oficial de los Ministerios de Hacienda y Administraciones Públicas y de Economía y Competitividad
Designación de volumen o secuencia 11-2012
500 ## - NOTA GENERAL
Nota general Índices
500 ## - NOTA GENERAL
Nota general Anteriormente, v.a.: Ministerio de Economía y Hacienda
541 ## - NOTA DE LA FUENTE INMEDIANTE DE ADQUISICIÓN
Forma de adquisición Gratuito
650 #4 - ASIENTO SECUNDARIO DE MATERIA--TÉRMINO DE MATERIA
Término de materia o nombre geográfico como elemento inicial texto
9 (RLIN) 29624
650 #4 - ASIENTO SECUNDARIO DE MATERIA--TÉRMINO DE MATERIA
Término de materia o nombre geográfico como elemento inicial reglamento
9 (RLIN) 27154
650 #4 - ASIENTO SECUNDARIO DE MATERIA--TÉRMINO DE MATERIA
Término de materia o nombre geográfico como elemento inicial legislación económica
9 (RLIN) 27161
650 #4 - ASIENTO SECUNDARIO DE MATERIA--TÉRMINO DE MATERIA
Término de materia o nombre geográfico como elemento inicial Comunidades Autónomas
9 (RLIN) 30768
650 #4 - ASIENTO SECUNDARIO DE MATERIA--TÉRMINO DE MATERIA
Término de materia o nombre geográfico como elemento inicial España
9 (RLIN) 26964
650 #4 - ASIENTO SECUNDARIO DE MATERIA--TÉRMINO DE MATERIA
Término de materia o nombre geográfico como elemento inicial impuesto sobre sociedades
9 (RLIN) 28081
653 10 - TÉRMINO DE INDEXACIÓN--NO CONTROLADO
Término no controlado Legislación
710 1# - ENCABEZAMIENTO SECUNDARIO--NOMBRE CORPORATIVO
Nombre de entidad o nombre de jurisdicción como elemento inicial España
Unidad subordinada Ministerio de Economía y Hacienda
9 (RLIN) 3237
710 1# - ENCABEZAMIENTO SECUNDARIO--NOMBRE CORPORATIVO
Nombre de entidad o nombre de jurisdicción como elemento inicial España
Unidad subordinada Ministerio de Economía y Competitividad
Término indicativo de función ed.
9 (RLIN) 3236
710 1# - ENCABEZAMIENTO SECUNDARIO--NOMBRE CORPORATIVO
9 (RLIN) 3246
Nombre de entidad o nombre de jurisdicción como elemento inicial España
Unidad subordinada Ministerio de Hacienda y Administraciones Públicas
Término indicativo de función ed.
775 0# - ENTRADA DE OTRA EDICIÓN
Título Impuesto sobre sociedades
Número de control del registro relacionado (ES-MaCES)21302
830 #0 - ENCABEZAMIENTO SECUNDARIO DE COLECCIÓN--TÍTULO UNIFORME
Título uniforme Textos legales / separata del Boletín Oficial de los Ministerios de Hacienda y Administraciones Públicas y de Economía y Competitividad
Designación de volumen o secuencia 11-2012
9 (RLIN) 34653
902 ## - CES. TIPO DE DOCUMENTO
Tipodoc (006$c Sirtex) LIB Libro
942 ## - ELEMENTOS KOHA
Fuente de clasificaión o esquema Clasificación propia del CES
Koha [por defecto] tipo de item Monografías
Parte de clasificación 6.1.
Existencias
Número de registro Signatura completa Tipo de item de Koha
082780 DPT-11824 Monografías
© CES, Consejo Económico y Social de España 2021